LEADER 01412nam a2200289 u 4500 001 000000029273 003 CaOOAMICUS 005 20130930120032.0 008 970221s1979 it u000 u ita u 035 $a10752771 040 $aPUL$bita 100 1 $aPanella, Emilio,$cO.P.$0(OLS)http://pul/name/6165 245 10$aPer lo studio di fra Remigio dei Girolami (+1319) :$bcontra falsos ecclesiae professores cc. 5-37. 260 $aPistoia :$bMemorie domenicane,$c1979. 300 $a313 p. ;$c23 cm 490 1 $aMemorie domenicane.$aN.S. ;$v10 500 $aComprende indici 504 $aBibliografia p. 287-294 600 14$aGirolami, Remigio,$cO.P.,$dc. 1235-c. 1319.$0(OLS)http://pul/subject/16829 740 0 $aVII centenario della fondazione di S. Maria Novella in Firenze (1279-1979),$n1. 830 0$aMemorie domenicane.$pN.S. ;$v10.$0(OLS)http://pul/title/40050 850 $aPUL 852 $aPUL$W1$xDP1 Fondo Maccarrone$y58$m1510 D 26$j40539$nBK-PRI$b $qFondi$B40539$CPULBib$Z2$F40539 $H $81 941 1 $a1 996 $6245$aPer lo studio di fra Remigio dei Girolami (+1319) :$bcontra falsos ecclesiae professores cc. 5-37$9(OLS)http://pul/title/40049 996 $6740$aVII centenario della fondazione di S. Maria Novella in Firenze (1279-1979),$n1$9(OLS)http://pul/title/40051 996 $6260$aPistoia :$bMemorie domenicane$9(OLS)http://pul/publisher/60317 LEADER 01495nam a2200301 a 4500 001 000000156773 003 CaOOAMICUS 005 20161128114512.0 008 161128s1958 it u000 u lat r 032 $aLibriCat 040 $aPUL$bita 100 1 $aMarchetti, Emilio,$cO.F.M.$0(OLS)http://pul/name/66229 245 10$aDe regimine solutionum debitorum mutato valore pecuniae /$cP. Aemilius Marchetti, O.F.M. 260 $aRoma :$bPontificio Ateneo Antoniano,$c1958. 300 $aXII, 144 p. ;$c24cm. 502 $aTesi -- Pontificium Athenaeum Antonianum. Facultas Iuris Canonici. 1958. 504 $aBibliografia in nota. 650 4$aDenaro$xAspetti etici e sociali.$0(OLS)http://pul/subject/41487 710 2 $aPontificio Ateneo Antoniano.$bFacoltą di Diritto Canonico.$kTesi.$0(OLS)http://pul/name/99826 850 $aPUL 852 $aPUL$W1$xDP1 Tesi Pon. At. Antonianum$y30$mTH ANT IUS48$j180056$qTesi$B183179$CPULBib$Z2$F183179 $H19790 $82 910 $aPontificia Universitą Antonianum.$bFacoltą di diritto canonico.$kTesi$999826 910 $aPontificia Universitą Antonianum.$bFacoltą di diritto canonico.$kTesi$999826 910 $aPontificium Athenaeum Antonianum.$bFacultas Iuris Canonici$kTesi$999826 941 1 $a16 996 $6245$aDe regimine solutionum debitorum mutato valore pecuniae$9(OLS)http://pul/title/135967 996 $6260$aRoma :$bPontificio Ateneo Antoniano$9(OLS)http://pul/publisher/85667